Statistics for Highest Buddhist % countries

Click here to take the quiz!

General Stats

  • This quiz has been taken 33 times
  • The average score is 16 of 20

Answer Stats

PercentageAmountAnswer% Correct
96.8%15.7 millionCambodia
100%
18.3%254.7 millionChina
100%
92.6%66.1 millionThailand
100%
64%4.6 millionLaos
97%
79.8%41.4 millionMyanmar
97%
21.9%10.9 millionSouth Korea
97%
16.2%15.6 millionVietnam
97%
74.7%0.62 millionBhutan
93%
33.2%41.4 millionJapan
93%
10%3.5 millionNepal
93%
15.7%5.2 millionMalaysia
90%
32.2%1.9 millionSingapore
90%
54.4%1.7 millionMongolia
83%
68.6%15.4 millionSri Lanka
80%
21.2%4.9 millionTaiwan
80%
8.6%0.04 millionBrunei
70%
2.9%0.72 millionAustralia
53%
3.1%0.05 millionBahrain
27%
5.4%0.18 millionKuwait
23%
3.8%0.09 millionQatar
23%

Score Distribution

Percentile by Number Answered

Percent of People with Each Score

Your Score History

You have not taken this quiz